000 01765nam a2200277Ia 4500
999 _c50706
_d50706
001 17657
003 GE_BSU
005 20200220171356.0
008 181216s2006ge xx |||||||||||||| ||geo||
020 _a 99940-17-74-8
040 _cGE_BSU
041 _ageo
080 _a341.231.14 გ-74
100 _aგოცირიძე, ევა.
_9203
245 _aმიზეზობრიობა ადამიანის უფლებათა ევროპულ სამართალში /
_cევა გოცირიძე ; რედ. ლევან ალექსიძე ; (წინასიტყვ. ავტ.)
264 _aთბილისი :
_bჯისიაი,
_c2006.
300 _a189 გვ;
_c24 სმ.
504 _aბიბლიოგრ. ტექსტ. შენიშვნ. და გვ. 183-188
520 _aრეზ. ინგლ., ფრანგ. და რუს. ენ..
600 _aეძღვნ. თინათინ წერეთლისა და ვლადიმერ მაყაშვილის ხსოვნას.
_97298
653 _aმიზეზობრიობა ადამიანის უფლებათა ევროპული სამართალი
653 _aსამართალი
700 _aალექსიძე, ლევან
_eრედაქტორი და წინასიტყვაობის ავტორი
_97299
710 _eსაქ. უზენაესი სასამართლო, ადამიანის უფლებათა ცენტრი თსუ-ს საერთაშორ. სამართლის კათედრა
_97300
942 _cBK
_2udc